书目信息 |
| 题名: |
考研数学复习大全
|
|
| 作者: | 汤家凤 主编 | |
| 分册: | 数学二 | |
| 出版信息: | 北京 原子能出版社 2015.10 |
|
| 页数: | 384页 | |
| 开本: | 1cm | |
| 丛书名: | ||
| 单 册: | ||
| 中图分类: | O13 | |
| 科图分类: | ||
| 主题词: | 高等数学 | |
| 电子资源: | ||
| ISBN: | 7-5022-6897-9 | |
| 000 | 00593nam0 2200205 450 | |
| 001 | 1758026431 | |
| 005 | 20170217160829.04 | |
| 010 | @a7-5022-6897-9@dCNY50.00 | |
| 100 | @a20170217d2015 km y0chiy0120 ea | |
| 101 | 0 | @achi |
| 102 | @aCN@b110000 | |
| 200 | 1 | @a考研数学复习大全@Akao yan shu xue fu xi da quan@i数学二@f汤家凤主编@Ftang jia feng zhu bian |
| 210 | @a北京@c原子能出版社@d2015.10 | |
| 215 | @a384页@d1cm | |
| 517 | 1 | @a数学二@Ashu xue er |
| 606 | 0 | @a高等数学 |
| 690 | @aO13@v4 | |
| 701 | 0 | @a汤家凤@Atang jia feng@4主编 |
| 801 | 0 | @aCN@bMUSE@c20170217 |
| 905 | @aMUSE@dO13@eT1819 | |
| 考研数学复习大全.数学二/汤家凤主编.-北京:原子能出版社,2015.10 |
| 384页;1cm |
| ISBN 7-5022-6897-9:CNY50.00 |
| ● |
| 相关链接 |
|
|
|
正题名:考研数学复习大全
索取号:O13/T1819
 
预约/预借
| 序号 | 登录号 | 条形码 | 馆藏地/架位号 | 状态 | 备注 |
| 1 | 1238998 | 212389985 | 自科库401/401自科库 107排2列6层/ [索取号:O13/T1819] | 在馆 |